000 00775nam a22001937a 4500
005 20250917104130.0
010 _aB-775385-399 20BACCHEN25
020 _a9789354719967
_c499.00
035 _aB-775385-399
037 _bScholastic Press
082 _aS
100 _aDasgupta, Sayantani
_985093
245 _aSecrets Of The Sky:
_bThe Ghost Forest/
_cSayantani Dasgupta
260 _aNew York
_bScholastic Press
_c2024
270 _a557, Broadway
_bNew York
_e10012
300 _a205p.
_bill.
_c21 cm. (pbk)
942 _2ddc
_cCH
_hS
_mDAS
999 _c209682
_d209682